000 00495nam a22001817a 4500
005 20240806101117.0
008 230605b |||||||| |||| 00| 0 eng d
020 _a978-81-7758-263-5
082 _a621.382
_bSCH-M
100 _aSchiller, Jochen. H
245 _aMobile Communications /
_cby Jochen H. Schiller
250 _a2nd ed.
260 _aIndia :
_bPearson ;
_c2003 .
300 _a512 p. :
_c24 cm .
500 _aInclude Index.
650 _aElectrical/ Engineering
999 _c18585
_d18585